| 000 | 00652nam a22002057a 4500 | ||
|---|---|---|---|
| 003 | OSt | ||
| 005 | 20140310181731.0 | ||
| 008 | 130312t xxu||||| |||| 00| 0 eng d | ||
| 020 | _a9781451117073 | ||
| 050 |
_aRM301.14 _bF56 2009 |
||
| 082 |
_aRM301.14 _bF56 2009 |
||
| 245 |
_aLippincott's illustrated review: _bpharmacology _cRichard Finkel, Michelle A. Clark, Luigi X. Cubeddu ; _heditors, Richard A. Harvey, Pamela C. Champe. |
||
| 260 |
_aBaltimore, MD : _bLippincott Williams & Wilkins, _cc2009. |
||
| 300 | _c26 cm. | ||
| 521 | _aCollege | ||
| 526 | _c1210L to 1700L | ||
| 541 | _j1 | ||
| 562 | _e1 | ||
| 942 |
_2lcc _cBK _kSL-PHAR |
||
| 999 |
_c2392 _d2392 |
||